XI Roku 2001 wg Tygodnika "Piłka Nożna" (spoza Europy) - Statystyki

Ogólne statystyki
  • Ten quiz został rozwiązany 50 razy
  • Średni wynik to 5 z 11
Statystyki odpowiedzi
Pozycja Kraj Klub Zawodnik % Poprawnych
LO Brazylia Real M. Roberto Carlos
93%
N Brazylia Barcelona Rivaldo
84%
ŚO Brazylia Leverkusen Lucio
67%
ŚP Argentyna Lazio/Man United Juan Sebastian Veron
64%
N Argentyna Lazio Hernan Crespo
53%
PP/PO Brazylia Roma Cafu
51%
ŚO Argentyna Roma Walter Samuel
38%
ŚPD Brazylia Roma Emerson
20%
BR Kolumbia Metz/Galatasaray Faryd Mondragon
11%
LP Brazylia Milan Serginho
11%
PO Brazylia Dortmund Evanilson
2%
Nie znaleziono quizów pasujących do podanych kryteriów
Rozkład punktacji
Procent ludzi z każdym wynikiem
Percentyl według liczby udzielonych odpowiedzi
Twoja historia wyników
Nie rozwiązałeś tego quizu